[Event "Bunratty Masters 2008"]
[Site "Bunratty IRL"]
[Date "2008.02.24"]
[Round "5"]
[White "Cooper, Lawrence"]
[Black "Short, Philip"]
[Result "1-0"]
[WhiteTitle "IM"]
[BlackTitle "FM"]
[WhiteElo "2306"]
[BlackElo "2300"]
[BlackICU "2265"]
[WhiteNationality "ENG"]
[BlackNationality "IRL"]
[WhiteFideId "401536"]
[BlackFideId "2500086"]
[PlyCount "92"]
[EventDate "2008.02.22"]
[Source "TWIC 696"]

{ Event information: <a
href="https://www.irlchess.com/bunratty2008_allfiles/pairings_bunratty2008.html">Tournament
report</a>. }

1. e4 e5 2. Nf3 Nc6 3. Bb5 a6 4. Ba4 Nf6 5. O-O Be7 6. Re1 b5 7. Bb3 d6 8.
c3 O-O 9. h3 Nb8 10. d4 Nbd7 11. Nbd2 Bb7 12. Bc2 Re8 13. Nf1 Bf8 14. Ng3
g6 15. a4 Bg7 16. Bd3 bxa4 17. Qxa4 d5 18. Nxe5 Nxe5 19. dxe5 Nxe4 20. Nxe4
dxe4 21. Bxe4 Bxe4 22. Rxe4 Bxe5 23. Be3 Re6 24. Bf4 Bxf4 25. Rxe6 fxe6 26.
Qxf4 Qd6 27. Qe4 Rb8 28. b4 Rb6 29. Qe2 Qc6 30. Qe3 Qc4 31. Qe5 Rd6 32. Re1
Qd5 33. Qf4 Rc6 34. Qf6 e5 35. Qe7 Re6 36. Qg5 c5 37. bxc5 Qxc5 38. Qd8+
Kg7 39. Rd1 Rf6 40. Rd7+ Rf7 41. Rxf7+ Kxf7 42. Qd7+ Kg8 43. Qe6+ Kg7 44.
Qxa6 Qxc3 45. Qa7+ Kg8 46. h4 h5 { ... } 1-0

[Event "Bunratty Masters 2008"]
[Site "Bunratty IRL"]
[Date "2008.02.24"]
[Round "5"]
[White "Fitzsimons, David"]
[Black "Johannesson, Ingvar Thor"]
[Result "0-1"]
[BlackTitle "FM"]
[WhiteElo "2147"]
[BlackElo "2338"]
[WhiteICU "2115"]
[WhiteClub "Elm Mount"]
[WhiteNationality "IRL"]
[BlackNationality "ISL"]
[WhiteFideId "2501961"]
[BlackFideId "2301490"]
[PlyCount "102"]
[EventDate "2008.02.22"]
[Source "TWIC 696"]
[BlackFullName "J&oacute;hannesson, Ingvar &THORN;or"]

{ Event information: <a
href="https://www.irlchess.com/bunratty2008_allfiles/pairings_bunratty2008.html">Tournament
report</a>. }

1. e4 g6 2. d4 Bg7 3. Nc3 d6 4. f4 a6 5. Nf3 b5 6. Bd3 Bb7 7. O-O Nd7 8.
Be3 c5 9. dxc5 Nxc5 10. Bxc5 dxc5 11. e5 Qb6 12. Be4 Rd8 13. Qe2 Nh6 14.
Rfd1 O-O 15. a4 Bxe4 16. Nxe4 c4+ 17. Qf2 Qc6 18. Re1 Rd5 19. axb5 axb5 20.
Ra7 Ng4 21. Qg3 Qb6+ 22. Kh1 Qxa7 23. Qxg4 b4 24. Nfd2 c3 25. bxc3 bxc3 26.
Nb3 Rfd8 27. Qf3 R5d7 28. Nxc3 Rc8 29. h3 Qb7 30. Ne4 Rxc2 31. Nd4 Rc4 32.
Nb3 Qb4 33. Ned2 Rxd2 34. Nxd2 Qxd2 35. Rd1 Rc1 36. Rxc1 Qxc1+ 37. Kh2 Bh6
38. g3 Qd2+ 39. Kg1 e6 40. Kh1 Bf8 41. Qa8 Qd5+ 42. Qxd5 exd5 43. Kg2 Bc5
44. Kf3 Kf8 45. g4 Bd4 46. Ke2 g5 47. Kd3 Ba1 48. Ke3 h6 49. Kf3 Ke7 50.
fxg5 hxg5 51. Ke3 Bxe5 0-1

[Event "Bunratty Masters 2008"]
[Site "Bunratty IRL"]
[Date "2008.02.24"]
[Round "5"]
[White "Fox, Anthony"]
[Black "Wijnhoven, Theo"]
[Result "1/2-1/2"]
[WhiteElo "2100"]
[BlackElo "1994"]
[WhiteICU "2105"]
[WhiteClub "Dun Laoghaire"]
[WhiteNationality "IRL"]
[BlackNationality "NED"]
[WhiteFideId "2500736"]
[BlackFideId "1019120"]
[PlyCount "51"]
[EventDate "2008.02.22"]
[Source "TWIC 696"]

{ Event information: <a
href="https://www.irlchess.com/bunratty2008_allfiles/pairings_bunratty2008.html">Tournament
report</a>. }

1. e4 e5 2. Nf3 Nc6 3. Bb5 a6 4. Ba4 Nf6 5. O-O b5 6. Bb3 Be7 7. Re1 d6 8.
c3 Na5 9. Bc2 c5 10. d3 Bg4 11. Nbd2 Nc6 12. Nf1 O-O 13. Ne3 Bh5 14. h3 Bg6
15. Nh4 d5 16. Nxg6 hxg6 17. exd5 Nxd5 18. Qf3 Nxe3 19. Bxe3 Qd6 20. Rad1
Rad8 21. Bb3 Na5 22. d4 cxd4 23. cxd4 Nxb3 24. axb3 exd4 25. Bxd4 Bf6 26.
Bc3 1/2-1/2

[Event "Bunratty Masters 2008"]
[Site "Bunratty IRL"]
[Date "2008.02.24"]
[Round "5"]
[White "Griffiths, Ryan-Rhys"]
[Black "Heinrich, Jan"]
[Result "1/2-1/2"]
[WhiteElo "2039"]
[BlackElo "2133"]
[WhiteICU "1993"]
[BlackICU "2084"]
[WhiteClub "Kilkenny"]
[WhiteNationality "IRL"]
[BlackNationality "SVK"]
[WhiteFideId "2502054"]
[BlackFideId "14902060"]
[PlyCount "65"]
[EventDate "2008.02.22"]
[Source "TWIC 696"]

{ Event information: <a
href="https://www.irlchess.com/bunratty2008_allfiles/pairings_bunratty2008.html">Tournament
report</a>. }

1. e4 c5 2. Nf3 Nc6 3. d4 cxd4 4. Nxd4 Nf6 5. Nc3 e5 6. Ndb5 d6 7. Nd5 Nxd5
8. exd5 Nb8 9. c4 a6 10. Nc3 Be7 11. Bd3 O-O 12. O-O f5 13. f3 Nd7 14. Be3
b6 15. b4 Rb8 16. Qb3 h5 17. a4 g5 18. Rfb1 Kg7 19. Qa3 g4 20. f4 exf4 21.
Bxf4 Ne5 22. Ne2 Bf6 23. Ra2 Ng6 24. Bd2 Be5 25. Qc1 Rf7 26. Nf4 Nxf4 27.
Bxf4 Qf6 28. Re2 Bd7 29. Bxe5 dxe5 30. Qc3 e4 31. Qxf6+ Kxf6 32. Bc2 Ke5
33. Rd1 1/2-1/2

[Event "Bunratty Masters 2008"]
[Site "Bunratty IRL"]
[Date "2008.02.24"]
[Round "5"]
[White "Hanly, Steven"]
[Black "Wilson, Alexandra"]
[Result "1-0"]
[BlackTitle "WFM"]
[WhiteElo "2020"]
[BlackElo "2070"]
[WhiteICU "1972"]
[WhiteClub "Shannon"]
[WhiteNationality "IRL"]
[BlackNationality "SUI"]
[WhiteFideId "2502232"]
[BlackFideId "411000"]
[PlyCount "57"]
[EventDate "2008.02.22"]
[Source "TWIC 696"]

{ Event information: <a
href="https://www.irlchess.com/bunratty2008_allfiles/pairings_bunratty2008.html">Tournament
report</a>. }

1. d4 Nf6 2. Nf3 g6 3. Nc3 d5 4. Bf4 Bg7 5. e3 O-O 6. Be2 c5 7. Ne5 cxd4 8.
exd4 Nc6 9. O-O e6 10. Nxc6 bxc6 11. Na4 Nd7 12. c3 Re8 13. Be3 a5 14. f4
Qc7 15. Rf3 c5 16. dxc5 e5 17. Bb5 Rb8 18. Nb6 Nxb6 19. cxb6 Qd8 20. Bxe8
Qxe8 21. Rf2 Bb7 22. fxe5 Bxe5 23. Bd4 Bd6 24. Qf3 f5 25. Qe2 Qd7 26. Re1
Kf7 27. g4 Bc6 28. gxf5 gxf5 29. Qh5+ 1-0

[Event "Bunratty Masters 2008"]
[Site "Bunratty IRL"]
[Date "2008.02.24"]
[Round "5"]
[White "Murphy, Dara"]
[Black "Armstrong, Malcolm J."]
[Result "1-0"]
[WhiteElo "1956"]
[BlackElo "2109"]
[WhiteICU "1863"]
[WhiteNationality "IRL"]
[BlackNationality "ENG"]
[WhiteFideId "2501783"]
[BlackFideId "409049"]
[PlyCount "79"]
[EventDate "2008.02.22"]
[Source "TWIC 696"]

{ Event information: <a
href="https://www.irlchess.com/bunratty2008_allfiles/pairings_bunratty2008.html">Tournament
report</a>. }

1. e4 c6 2. d4 d5 3. Nc3 dxe4 4. Nxe4 Bf5 5. Ng3 Bg6 6. Nf3 Nd7 7. h4 h6 8.
h5 Bh7 9. Bd3 Bxd3 10. Qxd3 Qc7 11. Bd2 Ngf6 12. O-O-O e6 13. Ne4 O-O-O 14.
g3 Nc5 15. Nxc5 Bxc5 16. c4 Qe7 17. Bc3 Bb4 18. Bxb4 Qxb4 19. Ne5 Qe7 20.
Kb1 Kb8 21. Qb3 Ka8 22. Rd3 Rd6 23. Qa4 Rhd8 24. c5 Rd5 25. Ra3 a6 26. Nxc6
Qd7 27. Nxd8 Qxd8 28. c6 Rxd4 29. cxb7+ Kb8 30. Qb3 Ne4 31. Ka1 Nc5 32. Qc2
Rd2 33. Qc1 Qd5 34. Rc3 Nxb7 35. Rc8+ Ka7 36. Rc7 Rxf2 37. Rd1 Qf5 38. Qe3+
Kb8 39. Rdc1 e5 40. Rc8+ 1-0

[Event "Bunratty Masters 2008"]
[Site "Bunratty IRL"]
[Date "2008.02.24"]
[Round "5"]
[White "O'Shea, Kevin"]
[Black "Aoustin, Arnaud"]
[Result "1/2-1/2"]
[WhiteElo "2035"]
[BlackElo "2130"]
[WhiteICU "1923"]
[WhiteClub "Douglas"]
[WhiteNationality "IRL"]
[BlackNationality "FRA"]
[WhiteFideId "2501902"]
[BlackFideId "655805"]
[PlyCount "30"]
[EventDate "2008.02.22"]
[Source "TWIC 696"]

{ Event information: <a
href="https://www.irlchess.com/bunratty2008_allfiles/pairings_bunratty2008.html">Tournament
report</a>. }

1. e4 e5 2. Nf3 Nc6 3. d4 exd4 4. Bc4 Nf6 5. O-O Nxe4 6. Re1 d5 7. Bxd5
Qxd5 8. Nc3 Qh5 9. Nxe4 Be6 10. Nxd4 Qxd1 11. Rxd1 O-O-O 12. Be3 Nxd4 13.
Rxd4 Be7 14. Rxd8+ Rxd8 15. Bg5 Bxg5 1/2-1/2

[Event "Bunratty Masters 2008"]
[Site "Bunratty IRL"]
[Date "2008.02.24"]
[Round "5"]
[White "Osborne, Sam"]
[Black "Orr, Mark J. L."]
[Result "1/2-1/2"]
[BlackTitle "IM"]
[WhiteElo "1986"]
[BlackElo "2258"]
[WhiteICU "2045"]
[BlackICU "2235"]
[WhiteClub "St. Benildus"]
[BlackClub "Wandering Dragons SCO"]
[WhiteNationality "IRL"]
[BlackNationality "IRL"]
[WhiteFideId "2501791"]
[BlackFideId "2500035"]
[PlyCount "94"]
[EventDate "2008.02.22"]
[Source "TWIC 696"]

{ Event information: <a
href="https://www.irlchess.com/bunratty2008_allfiles/pairings_bunratty2008.html">Tournament
report</a>. }

1. e4 c5 2. Nf3 Nc6 3. d4 cxd4 4. Nxd4 g6 5. c4 Nf6 6. Nc3 Nxd4 7. Qxd4 d6
8. Be3 Bg7 9. Be2 O-O 10. Qd2 a5 11. Rd1 Bd7 12. O-O Bc6 13. f3 a4 14. Kh1
Qa5 15. Rc1 Nd7 16. Bh6 Qe5 17. Bxg7 Qxg7 18. Rfd1 Nc5 19. Qe3 f5 20. exf5
Rxf5 21. Re1 Raf8 22. Rcd1 g5 23. Rd4 Qe5 24. Bd1 Qxe3 25. Rxe3 Re5 26.
Rxe5 dxe5 27. Rg4 h6 28. h4 Rf4 29. Rxf4 exf4 30. hxg5 hxg5 31. Bc2 Kf7 32.
b4 axb3 33. axb3 Kf6 34. b4 Ne6 35. Ne4+ Ke5 36. Nf2 b6 37. Be4 Bxe4 38.
Nxe4 g4 39. c5 bxc5 40. bxc5 gxf3 41. gxf3 Kd5 42. c6 Kxc6 43. Kg2 Kd5 44.
Kh3 Kd4 45. Kg4 Ke3 46. Nc3 Nc7 47. Nd1+ Ke2 1/2-1/2

[Event "Bunratty Masters 2008"]
[Site "Bunratty IRL"]
[Date "2008.02.24"]
[Round "5"]
[White "Quinn, Mark"]
[Black "McPhillips, Karl"]
[Result "1-0"]
[WhiteTitle "IM"]
[WhiteElo "2403"]
[BlackElo "2206"]
[WhiteICU "2366"]
[BlackICU "2236"]
[WhiteClub "Kilkenny"]
[BlackClub "Kilkenny"]
[WhiteNationality "IRL"]
[BlackNationality "IRL"]
[WhiteFideId "2500450"]
[BlackFideId "2501503"]
[PlyCount "93"]
[EventDate "2008.02.22"]
[Source "TWIC 696"]

{ Event information: <a
href="https://www.irlchess.com/bunratty2008_allfiles/pairings_bunratty2008.html">Tournament
report</a>. }

1. c4 e5 2. Nc3 Nc6 3. g3 g6 4. Bg2 Bg7 5. e4 d6 6. d3 f5 7. Nge2 Nf6 8.
O-O O-O 9. h3 Be6 10. Be3 Qd7 11. exf5 Bxf5 12. g4 Be6 13. Ng3 h6 14. Nce4
Nxe4 15. Nxe4 Rf7 16. Qb3 Raf8 17. Qxb7 Nd4 18. Bxd4 exd4 19. f4 Rxf4 20.
Rxf4 Rxf4 21. Qxa7 Be5 22. Rc1 Qe7 23. Rf1 Rxf1+ 24. Kxf1 Qf7+ 25. Nf2 d5
26. cxd5 Bxd5 27. Qc5 Bxg2+ 28. Kxg2 Qf4 29. a4 Qg3+ 30. Kf1 Qe3 31. Qd5+
Kg7 32. Qe4 Qc1+ 33. Kg2 Bf6 34. a5 Qxb2 35. Kf3 Bh4 36. Qe5+ Kg8 37. Qe8+
Kg7 38. Qd7+ Kf8 39. Qc8+ Kf7 40. Qxc7+ Kf8 41. Ne4 Qb3 42. Qc5+ Ke8 43.
Qb5+ Qxb5 44. Nd6+ Kd7 45. Nxb5 Kc6 46. Nxd4+ Kc5 47. Ke4 1-0

[Event "Bunratty Masters 2008"]
[Site "Bunratty IRL"]
[Date "2008.02.24"]
[Round "5"]
[White "Short, Stephen"]
[Black "Quinn, Rory"]
[Result "0-1"]
[WhiteElo "2033"]
[BlackElo "2024"]
[WhiteICU "1807"]
[BlackICU "2122"]
[BlackClub "Ennis"]
[WhiteNationality "IRL"]
[BlackNationality "IRL"]
[WhiteFideId "2500108"]
[BlackFideId "2501643"]
[PlyCount "58"]
[EventDate "2008.02.22"]
[Source "TWIC 696"]

{ Event information: <a
href="https://www.irlchess.com/bunratty2008_allfiles/pairings_bunratty2008.html">Tournament
report</a>. }

1. e4 Nc6 2. Nf3 e5 3. Bb5 Nd4 4. Nxd4 exd4 5. d3 c6 6. Bc4 d5 7. exd5 cxd5
8. Bb5+ Bd7 9. Bxd7+ Qxd7 10. O-O Bd6 11. Nd2 Ne7 12. Nf3 Nc6 13. Re1+ Kf8
14. c3 dxc3 15. bxc3 h5 16. Rb1 h4 17. h3 f6 18. Qb3 Rb8 19. Ba3 Bxa3 20.
Qxa3+ Kf7 21. Qb3 g5 22. Nh2 Ne5 23. Rxe5 fxe5 24. Ng4 Rhe8 25. d4 exd4 26.
cxd4 Qd6 27. Qf3+ Kg7 28. Rc1 Rbc8 29. Rxc8 Re1# 0-1

[Event "Bunratty Masters 2008"]
[Site "Bunratty IRL"]
[Date "2008.02.24"]
[Round "5"]
[White "Svidler, Peter"]
[Black "Baburin, Alexander"]
[Result "1/2-1/2"]
[WhiteTitle "GM"]
[BlackTitle "GM"]
[WhiteElo "2763"]
[BlackElo "2542"]
[BlackICU "2556"]
[BlackClub "Kilkenny"]
[WhiteNationality "RUS"]
[BlackNationality "IRL"]
[WhiteFideId "4102142"]
[BlackFideId "2500914"]
[PlyCount "25"]
[EventDate "2008.02.22"]
[Source "TWIC 696"]

{ Event information: <a
href="https://www.irlchess.com/bunratty2008_allfiles/pairings_bunratty2008.html">Tournament
report</a>. }

1. e4 Nf6 2. e5 Nd5 3. d4 d6 4. c4 Nb6 5. f4 dxe5 6. fxe5 Nc6 7. Be3 Bf5 8.
Nc3 e6 9. Nf3 Be7 10. Be2 O-O 11. O-O f6 12. exf6 Bxf6 13. Qd2 1/2-1/2

[Event "Bunratty Masters 2008"]
[Site "Bunratty IRL"]
[Date "2008.02.24"]
[Round "5"]
[White "Thorfinnsson, Bjorn"]
[Black "Pert, Nick"]
[Result "1/2-1/2"]
[WhiteTitle "FM"]
[BlackTitle "GM"]
[WhiteElo "2364"]
[BlackElo "2528"]
[WhiteNationality "ISL"]
[BlackNationality "ENG"]
[WhiteFideId "2300982"]
[BlackFideId "403989"]
[PlyCount "131"]
[EventDate "2008.02.22"]
[Source "TWIC 696"]
[WhiteFullName "&THORN;orfinnsson, Bj&ouml;rn"]

{ Event information: <a
href="https://www.irlchess.com/bunratty2008_allfiles/pairings_bunratty2008.html">Tournament
report</a>. }

1. d4 d5 2. c4 c6 3. Nf3 Nf6 4. Nc3 dxc4 5. a4 Bf5 6. Ne5 Nbd7 7. Nxc4 Nb6
8. Ne5 a5 9. f3 Nfd7 10. Nd3 Bxd3 11. Qxd3 Nd5 12. Nxd5 cxd5 13. Qb3 e6 14.
e3 Bb4+ 15. Bd2 Bxd2+ 16. Kxd2 O-O 17. Rc1 Qg5 18. g3 Nf6 19. Bd3 e5 20. f4
exf4 21. exf4 Qh5 22. Qd1 Qh3 23. Qf3 Rfe8 24. Rhe1 Rxe1 25. Kxe1 Qe6+ 26.
Qe2 Qb6 27. Qd2 Re8+ 28. Kd1 g6 29. Qc3 Ne4 30. Bxe4 Rxe4 31. Kc2 Rxd4 32.
Re1 Re4 33. Rxe4 dxe4 34. Qe5 Qc6+ 35. Kd2 Qxa4 36. Qb8+ Kg7 37. Qe5+ Kf8
38. Qd6+ Ke8 39. Qb8+ Ke7 40. Qe5+ Kd7 41. Qd5+ Kc8 42. Qxf7 Qd4+ 43. Kc2
Qd3+ 44. Kc1 Qf1+ 45. Kc2 Qe2+ 46. Kc1 Qe3+ 47. Kc2 Qc5+ 48. Kd2 Qd6+ 49.
Ke1 Qb4+ 50. Kd1 Qd6+ 51. Kc1 Qc6+ 52. Kd2 Qd7+ 53. Qxd7+ Kxd7 54. Ke3 b5
55. Kxe4 a4 56. Kd5 b4 57. Kc4 a3 58. bxa3 bxa3 59. Kb3 Ke6 60. Kxa3 Kf5
61. Kb3 h5 62. Kc3 Kg4 63. Kd2 Kh3 64. Ke2 Kxh2 65. Kf2 Kh3 66. Kf3 1/2-1/2

[Event "Bunratty Masters 2008"]
[Site "Bunratty IRL"]
[Date "2008.02.24"]
[Round "5"]
[White "Wolferink, Frans"]
[Black "Einarsson, Einar Kristinn"]
[Result "0-1"]
[WhiteElo "2131"]
[BlackElo "2067"]
[WhiteNationality "NED"]
[BlackNationality "ISL"]
[WhiteFideId "1003917"]
[BlackFideId "2301105"]
[PlyCount "52"]
[EventDate "2008.02.22"]
[Source "TWIC 696"]

{ Event information: <a
href="https://www.irlchess.com/bunratty2008_allfiles/pairings_bunratty2008.html">Tournament
report</a>. }

1. e4 Nf6 2. e5 Nd5 3. d4 d6 4. c4 Nb6 5. exd6 cxd6 6. Nf3 g6 7. Nc3 Bg7 8.
Be3 O-O 9. Rc1 Nc6 10. Be2 Bg4 11. b3 d5 12. c5 Nc8 13. h3 Bxf3 14. Bxf3 e6
15. Qd2 N8e7 16. O-O Nf5 17. Ne2 Nh4 18. Bg5 Nxf3+ 19. gxf3 Qd7 20. b4 e5
21. Kg2 Nxd4 22. Nxd4 exd4 23. Bh6 Bxh6 24. Qxh6 Rfe8 25. Rfd1 Re5 26. Rxd4
Rh5 0-1

[Event "Bunratty Masters 2008"]
[Site "Bunratty IRL"]
[Date "2008.02.24"]
[Round "6"]
[White "Armstrong, Malcolm J."]
[Black "Wolferink, Frans"]
[Result "0-1"]
[WhiteElo "2109"]
[BlackElo "2131"]
[WhiteNationality "ENG"]
[BlackNationality "NED"]
[WhiteFideId "409049"]
[BlackFideId "1003917"]
[PlyCount "102"]
[EventDate "2008.02.22"]
[Source "TWIC 696"]

{ Event information: <a
href="https://www.irlchess.com/bunratty2008_allfiles/pairings_bunratty2008.html">Tournament
report</a>. }

1. d4 g6 2. Nf3 Bg7 3. e4 d6 4. c4 e5 5. dxe5 dxe5 6. Qxd8+ Kxd8 7. Nc3 c6
8. Be3 Kc7 9. h3 f6 10. Be2 Nh6 11. O-O-O Nf7 12. Nd2 Be6 13. b3 Nd7 14.
Kb2 Rhd8 15. Ndb1 Bf8 16. f3 Bc5 17. Rxd7+ Rxd7 18. Bxc5 b6 19. Be3 Rad8
20. Rc1 Kb7 21. Rd1 Rxd1 22. Nxd1 Rd7 23. Kc2 Nd8 24. Nbc3 h5 25. Nf2 g5
26. g3 Bf7 27. Ncd1 Ne6 28. Nb2 Kc7 29. Nbd3 Kd6 30. Kc3 c5 31. a3 a5 32.
b4 axb4+ 33. axb4 Ra7 34. Kb2 Nd4 35. Bxd4 exd4 36. bxc5+ bxc5 37. Kb3 Rb7+
38. Kc2 Bxc4 39. f4 Bb3+ 40. Kd2 c4 41. e5+ fxe5 42. fxe5+ Ke7 43. Nc5 Ra7
44. Nxb3 Ra2+ 45. Ke1 cxb3 46. Bc4 Ra1+ 47. Kd2 b2 48. Bd3 b1=Q 49. Bxb1
Rxb1 50. Ne4 Rb3 51. Ke2 Re3+ 0-1

[Event "Bunratty Masters 2008"]
[Site "Bunratty IRL"]
[Date "2008.02.24"]
[Round "6"]
[White "Collins, Sam"]
[Black "Thorfinnsson, Bjorn"]
[Result "0-1"]
[WhiteTitle "IM"]
[BlackTitle "FM"]
[WhiteElo "2394"]
[BlackElo "2364"]
[WhiteICU "2368"]
[WhiteClub "Gonzaga"]
[WhiteNationality "IRL"]
[BlackNationality "ISL"]
[WhiteFideId "2501198"]
[BlackFideId "2300982"]
[PlyCount "82"]
[EventDate "2008.02.22"]
[Source "TWIC 696"]
[BlackFullName "&THORN;orfinnsson, Bj&ouml;rn"]

{ Event information: <a
href="https://www.irlchess.com/bunratty2008_allfiles/pairings_bunratty2008.html">Tournament
report</a>. }

1. Nf3 d5 2. d4 Nf6 3. c4 dxc4 4. e3 e6 5. Bxc4 a6 6. O-O b5 7. Bb3 Bb7 8.
a4 b4 9. a5 Nbd7 10. Nbd2 Be7 11. Re1 c5 12. e4 cxd4 13. e5 Nd5 14. Ne4 O-O
15. Qxd4 Rc8 16. Bg5 Bxg5 17. Nexg5 Nc5 18. Bc2 h6 19. Nh7 b3 20. Bb1 Re8
21. Qg4 Nd7 22. h4 Qe7 23. Ra4 Rc7 24. Qg3 Kh8 25. Nhg5 Rec8 26. Qg4 Rc1
27. Qh5 Rxe1+ 28. Nxe1 Nxe5 29. Nd3 Nf6 30. Qd1 Nxd3 31. Bxd3 Rd8 32. Qxb3
hxg5 33. hxg5 Nd5 34. Rh4+ Kg8 35. Bh7+ Kf8 36. Be4 Qc7 37. g6 f5 38. Rh8+
Ke7 39. Rh7 Kf8 40. Bc2 Nf4 41. g3 Ne2+ 0-1

[Event "Bunratty Masters 2008"]
[Site "Bunratty IRL"]
[Date "2008.02.24"]
[Round "6"]
[White "Einarsson, Einar Kristinn"]
[Black "Wall, Gavin"]
[Result "0-1"]
[BlackTitle "IM"]
[WhiteElo "2067"]
[BlackElo "2305"]
[BlackICU "2287"]
[WhiteNationality "ISL"]
[BlackNationality "IRL"]
[WhiteFideId "2301105"]
[BlackFideId "2501244"]
[PlyCount "51"]
[EventDate "2008.02.22"]
[Source "TWIC 696"]

{ Event information: <a
href="https://www.irlchess.com/bunratty2008_allfiles/pairings_bunratty2008.html">Tournament
report</a>. }

1. e4 e5 2. Nc3 Nc6 3. f4 exf4 4. Nf3 Nf6 5. d4 Bb4 6. d5 Ne7 7. Qd4 c5 8.
Qd3 O-O 9. Bxf4 Ng6 10. Bg5 h6 11. Bxf6 Qxf6 12. g3 d6 13. Bg2 Bg4 14. O-O
Bxc3 15. bxc3 Bxf3 16. Rxf3 Qd8 17. Qb5 Ne5 18. Rf5 a6 19. Qe2 Qa5 20. Qe3
Rfe8 21. Bh3 Re7 22. Raf1 Qxa2 23. Rf6 Qxc2 24. Rxh6 gxh6 25. Qxh6 Ng6 26.
Bf5 0-1

[Event "Bunratty Masters 2008"]
[Site "Bunratty IRL"]
[Date "2008.02.24"]
[Round "6"]
[White "Gunnarsson, Jon"]
[Black "Murphy, Dara"]
[Result "1/2-1/2"]
[WhiteTitle "IM"]
[WhiteElo "2429"]
[BlackElo "1956"]
[BlackICU "1863"]
[WhiteNationality "ISL"]
[BlackNationality "IRL"]
[WhiteFideId "2300931"]
[BlackFideId "2501783"]
[PlyCount "44"]
[EventDate "2008.02.22"]
[Source "TWIC 696"]
[WhiteFullName "Gunnarsson, J&oacute;n"]

{ Event information: <a
href="https://www.irlchess.com/bunratty2008_allfiles/pairings_bunratty2008.html">Tournament
report</a>. }

1. e4 e5 2. Nf3 Nc6 3. Bc4 Nf6 4. d3 h6 5. O-O Bc5 6. c3 d5 7. exd5 Nxd5 8.
b4 Be7 9. Qb3 Be6 10. Re1 Qd6 11. Nbd2 O-O 12. Ne4 Qd7 13. Ng3 Bf6 14. a4
Nxc3 15. Bxe6 fxe6 16. b5 Nd4 17. Nxd4 exd4 18. Rxe6 Kh8 19. Bd2 Rae8 20.
Rae1 Rxe6 21. Rxe6 Re8 22. Rxe8+ Qxe8 1/2-1/2

[Event "Bunratty Masters 2008"]
[Site "Bunratty IRL"]
[Date "2008.02.24"]
[Round "6"]
[White "Healy, Tom"]
[Black "Bjornsson, Gunnar"]
[Result "1/2-1/2"]
[WhiteElo "2016"]
[BlackElo "2149"]
[WhiteICU "1833"]
[WhiteNationality "IRL"]
[BlackNationality "ISL"]
[WhiteFideId "2501635"]
[BlackFideId "2302039"]
[PlyCount "78"]
[EventDate "2008.02.22"]
[Source "TWIC 696"]
[BlackFullName "Bj&ouml;rnsson, Gunnar"]

{ Event information: <a
href="https://www.irlchess.com/bunratty2008_allfiles/pairings_bunratty2008.html">Tournament
report</a>. }

1. d4 d5 2. Nf3 Nf6 3. g3 c5 4. Bg2 Nc6 5. O-O cxd4 6. Nxd4 e5 7. Nxc6 bxc6
8. c4 Be6 9. Nc3 Rc8 10. Qa4 Qd7 11. cxd5 Nxd5 12. Rd1 Nxc3 13. bxc3 Qc7
14. Be3 Be7 15. Bxa7 O-O 16. Be3 Bd5 17. c4 Bxg2 18. Kxg2 f5 19. f3 f4 20.
Bf2 Bf6 21. Rab1 Ra8 22. Qc2 Qe7 23. c5 Rfe8 24. Rb4 Ra3 25. Rd3 Ra7 26.
Qb3+ Kh8 27. Rd6 g5 28. Rxc6 g4 29. Rb8 gxf3+ 30. exf3 Rxb8 31. Qxb8+ Kg7
32. Qd6 Qxd6 33. cxd6 Rxa2 34. d7 Rd2 35. Rc7 Bd8 36. Rb7 Kf7 37. gxf4 exf4
38. Kf1 Ke6 39. Rb4 Bc7 1/2-1/2

[Event "Bunratty Masters 2008"]
[Site "Bunratty IRL"]
[Date "2008.02.24"]
[Round "6"]
[White "Heidenfeld, Mark"]
[Black "Quinn, Mark"]
[Result "1/2-1/2"]
[WhiteTitle "IM"]
[BlackTitle "IM"]
[WhiteElo "2343"]
[BlackElo "2403"]
[WhiteICU "2382"]
[BlackICU "2366"]
[WhiteClub "Kilkenny"]
[BlackClub "Kilkenny"]
[WhiteNationality "IRL"]
[BlackNationality "IRL"]
[WhiteFideId "2500990"]
[BlackFideId "2500450"]
[PlyCount "22"]
[EventDate "2008.02.22"]
[Source "TWIC 696"]

{ Event information: <a
href="https://www.irlchess.com/bunratty2008_allfiles/pairings_bunratty2008.html">Tournament
report</a>. }

1. e4 c5 2. Nf3 Nc6 3. d4 cxd4 4. Nxd4 Nf6 5. Nc3 d6 6. Be2 e6 7. O-O Be7
8. Be3 O-O 9. Kh1 a6 10. f4 Qc7 11. Qe1 Nxd4 1/2-1/2